|
|
|
|
| LEADER |
00000nab a2200000 a 4500 |
| 001 |
vtls000568496 |
| 003 |
SK-MaSNL |
| 005 |
20260426063224.0 |
| 008 |
150501c1995 xo 0 slo |
| 015 |
|
|
|a SNBRB19rr/mm-uuuuu
|
| 035 |
|
|
|a CL0568634
|
| 040 |
|
|
|a SNKBUCL
|b slo
|c SNKBUCL
|e AACR2
|
| 041 |
0 |
|
|a slo
|
| 044 |
|
|
|a xo
|c SK
|
| 080 |
|
|
|a 728.2(437.6)
|2 1981
|
| 100 |
1 |
|
|a Hermann, Juraj,
|d 1953-
|4 aut
|9 118470
|
| 245 |
1 |
0 |
|a Obytné domy na bratislavskom Machnáči
|c Juraj Hermann, Dušan Krepop, Štefan Svetko
|
| 300 |
|
|
|b Obr. 8
|
| 650 |
0 |
7 |
|a domy obytné
|2 snkbucl
|9 887912
|
| 650 |
0 |
7 |
|a Machnáč (Bratislava, Slovensko)
|2 snkbucl
|9 1285262
|
| 651 |
|
7 |
|a Bratislava (Slovensko)
|2 snkbucl
|9 14568
|
| 655 |
|
7 |
|a články z novín a časopisov
|2 snkbucl
|9 267496
|
| 700 |
1 |
|
|a Krepop, Dušan,
|d 1956-
|4 aut
|9 133051
|
| 700 |
1 |
|
|a Svetko, Štefan,
|d 1926-2009
|4 aut
|
| 773 |
0 |
|
|t Architektúra & urbanizmus
|g Roč. 29, č. 3-4 (1995), s. 13-17
|x 0044 8680
|
| 850 |
|
|
|a Slovenská národná knižnica v Martine
|a MTA001
|
| 852 |
|
|
|a SNK
|b KIS3GCP
|
| 958 |
|
|
|a RK
|
| 958 |
|
|
|a SK
|
| 992 |
|
|
|a RBX
|
| 999 |
|
|
|c 2553839
|d 2555769
|